[Event "Viljandi Raud Memorial 57th"]
[Site "Viljandi"]
[Date "2023.07.07"]
[Round "7"]
[White "Pedak, Egert"]
[Black "Tiisler, Tanel"]
[Result "0-1"]
[WhiteElo "1174"]
[BlackElo "1687"]
[PlyCount "44"]
[EventDate "2023.07.02"]
[EventType "swiss"]
[EventRounds "9"]
[EventCountry "EST"]
[SourceTitle "CBM 215 Extra"]
[Source "ChessBase"]
[SourceDate "2023.09.30"]
[SourceVersion "1"]
[SourceVersionDate "2023.09.30"]
[SourceQuality "1"]

1. Nf3 e6 2. b3 f5 3. Bb2 Nf6 4. e3 d5 5. c4 c6 6. Be2 Nbd7 7. Nc3 Bd6 8. d4 Ne4 9. Nxe4 fxe4 10. Ne5 Bb4+ 11. Kf1 0-0 12. f4 Nxe5 13. dxe5 Qb6 14. a3 Bc5 15. g3 Bxe3 16. Bc1 g5 17. Bxe3 Qxe3 18. Rg1 Kh8 19. Qc1 gxf4 20. Qxe3 fxe3+ 21. Ke1 Bd7 22. Rf1 d4 0-1

[Event "Viljandi Raud Memorial 57th"]
[Site "Viljandi"]
[Date "2023.07.06"]
[Round "6"]
[White "Haavamae, Henrik"]
[Black "Pedak, Egert"]
[Result "1-0"]
[WhiteElo "2093"]
[BlackElo "1174"]
[PlyCount "51"]
[EventDate "2023.07.02"]
[EventType "swiss"]
[EventRounds "9"]
[EventCountry "EST"]
[SourceTitle "CBM 215 Extra"]
[Source "ChessBase"]
[SourceDate "2023.09.30"]
[SourceVersion "1"]
[SourceVersionDate "2023.09.30"]
[SourceQuality "1"]

1. e4 c5 2. Nf3 d6 3. d4 cxd4 4. Nxd4 Nf6 5. Nc3 g6 6. Be3 Bg7 7. f3 0-0 8. Bc4 Nc6 9. Qd2 Nxd4 10. Bxd4 Be6 11. Bxe6 fxe6 12. 0-0-0 Qa5 13. g4 Nd7 14. Bxg7 Kxg7 15. f4 b5 16. Kb1 b4 17. Ne2 Qb6 18. f5 e5 19. Ng3 Nf6 20. g5 Ng4 21. Rde1 Qd4 22. Qe2 h5 23. Rhf1 h4 24. Nh1 gxf5 25. exf5 h3 26. Rd1 1-0

[Event "Viljandi Raud Memorial 57th"]
[Site "Viljandi"]
[Date "2023.07.03"]
[Round "3"]
[White "Pedak, Egert"]
[Black "Blokhin, Sofia"]
[Result "0-1"]
[WhiteElo "1174"]
[BlackElo "2062"]
[PlyCount "118"]
[EventDate "2023.07.02"]
[EventType "swiss"]
[EventRounds "9"]
[EventCountry "EST"]
[SourceTitle "CBM 215 Extra"]
[Source "ChessBase"]
[SourceDate "2023.09.30"]
[SourceVersion "1"]
[SourceVersionDate "2023.09.30"]
[SourceQuality "1"]

1. e4 c5 2. Nf3 e6 3. c4 Nc6 4. d4 cxd4 5. Nxd4 Nf6 6. f3 a6 7. Nc3 Qc7 8. Be3 Be7 9. Be2 0-0 10. Qd2 b6 11. 0-0 Ne5 12. b3 Bb4 13. a3 Be7 14. Bf4 d6 15. Rac1 Bb7 16. Rfd1 Rac8 17. Bg3 Rfd8 18. Bf2 Nfd7 19. Qb2 Bg5 20. Rc2 Ng6 21. Bf1 Nc5 22. b4 Nd7 23. Na4 Bf6 24. Rdc1 Nge5 25. Qb3 g5 26. c5 dxc5 27. bxc5 bxc5 28. Nxc5 Nxc5 29. Rxc5 Qd7 30. Rxc8 Rxc8 31. Rxc8+ Qxc8 32. Qc2 Qd7 33. Nb3 Qa4 34. Bc5 g4 35. Be2 gxf3 36. gxf3 Bc6 37. Bd4 Nxf3+ 38. Bxf3 Bxd4+ 39. Nxd4 Qxd4+ 40. Kg2 Bb5 41. Qc1 Kf8 42. Qc8+ Kg7 43. Qc1 h6 44. h3 Bd3 45. Qf4 Qb2+ 46. Kg3 Qxa3 47. Qe5+ Kh7 48. Qf6 Qf8 49. Qf4 Qg7+ 50. Kf2 a5 51. Qe3 Qb2+ 52. Kg3 Qe5+ 53. Kf2 Bc2 54. Qd2 Qc5+ 55. Kg2 a4 56. e5 Bf5 57. Bh5 Qc2 58. Qxc2 Bxc2 59. Bxf7 Bb3 0-1